Plan estratégico para la empresa Impresiones y Troqueles, S.A. (ITSA)

Impresiones y Troqueles S.A, es una empresa que se dedica a la elaboración de todo tipo de impresos y troqueles tales como: Libros, Afiches, Carpetas, Cajas, Revistas, Formas continuas, Etiquetas, Block, Folletos y todo tipo de impresión y troquelado. Se presenta un plan estratégico el cual refle...

Full description

Bibliographic Details
Main Authors: Rivas Jirón, Julio Isaac, Payán Molina, Juan Franciscos, Orozco Jiménez, Guillermo IsmaelI
Other Authors: Tutor: D´melo Carvalho, Aristeu Tadeu
Format: Tesis Section = Libro
Language:Undetermined
Spanish
Published: Managua UNI 2004
Subjects:
LEADER 01460nam a2200289Ia 4500
008 240830s9999 xx 000 0 und d
040 |a BIBLIOTECA-RUPAP Mon 658.5 R618 
041 |a spa 
082 |a Mon 658.5 R618 
100 1 |a Rivas Jirón, Julio Isaac 
100 1 |b  Payán Molina, Juan Franciscos 
100 1 |c  Orozco Jiménez, Guillermo IsmaelI 
245 1 0 |a Plan estratégico para la empresa Impresiones y Troqueles, S.A. (ITSA) 
260 |a Managua  |b UNI  |c 2004 
300 |a 210 p. :il. 
500 |a Contiene: anexos. 
502 |a Tesis (Ingeniero Industrial)- UNI, 2004. 
520 3 |a Impresiones y Troqueles S.A, es una empresa que se dedica a la elaboración de todo tipo de impresos y troqueles tales como: Libros, Afiches, Carpetas, Cajas, Revistas, Formas continuas, Etiquetas, Block, Folletos y todo tipo de impresión y troquelado. Se presenta un plan estratégico el cual refleja de manera sistemática la misión, visión, objetivos estratégicos y estrategias que ayudaran a mejorar la situación actual de la empresa. 
650 7 |a ADMINISTRICIÓN DE LA PRODUCCIÓN - ESTRATÉGIAS - IMPRESIONES TROQUELES 
650 7 |b CONTROL DE LAS ACTIVIDADES FUNCIONALES - ITSA 
650 7 |c PLANIFICACIÓN DEL PRODUCTO ITSA 
650 7 |d ORGANIZACIÓN DE LA PRODUCCIÓN ITSA 
650 7 |e CONTROL DE PRODUCTOS - ITSA 
700 1 |a Tutor:  |b D´melo Carvalho, Aristeu Tadeu 
942 |c BK  |2 ddc 
991 |a TESIS 
999 |c 17456